Statistics for UK Number One Hits With An Animal In The Title

Click here to take the quiz!

General Stats

  • This quiz has been taken 149 times
  • The average score is 6 of 16

Answer Stats

HintAnswer% Correct
Survivor (1982)Eye Of The Tiger
80%
Mud (1974)Tiger Feet
73%
Tight Fit (1982)The Lion Sleeps Tonight
72%
Culture Club (1983)Karma Chameleon
63%
Fleetwood Mac (1968)Albatross
56%
The Boomtown Rats (1978)Rat Trap
48%
Spitting Image (1986)The Chicken Song
42%
Owl City (2010) *PluralFireflies
34%
The Rolling Stones (1964)Little Red Rooster
31%
Johnny Preston (1961)Running Bear
27%
U2 (1991)The Fly
23%
Blur (1997)Beetlebum
19%
Partners In Kryme (1990)Turtle Power
18%
Oliver Heldens & Becky Hill (2014)Gecko (Overdrive)
11%
David Cassidy (1973)The Puppy Song
11%
Andy Williams (1957)Butterfly
10%

Score Distribution

Percentile by Number Answered

Percent of People with Each Score

Your Score History

You have not taken this quiz